| 000 | 00541nam a22001457a 4500 | ||
|---|---|---|---|
| 020 | _a978-0-857693-062-9 | ||
| 082 |
_a823 _bRED/V |
||
| 100 | _aREDBEARD, ODIN | ||
| 245 | _aVOLGAR THE VIKING AND THE TERRIBLE TALEN SHOW | ||
| 260 |
_aUK _bNOSY CROW LTD _c2013 |
||
| 300 | _a92 | ||
| 520 | _aFrom singing and dancing to doing things with pickled herring – the villagers of Blubber are gifted in many ways. And they've decided to have a talent contest to prove it. Vulgar knows it's his time to shine. | ||
| 650 | _aSHORT STORY | ||
| 942 | _cBK | ||
| 999 |
_c6442 _d6442 |
||